| 000 | 00679nam a22002057a 4500 | ||
|---|---|---|---|
| 999 |
_c157871 _d157871 |
||
| 005 | 20181006142604.0 | ||
| 010 | _aENG-124193 | ||
| 020 |
_a9789386582805 _c599.00 |
||
| 035 | _aEN-107725 | ||
| 037 | _bDABD/PUB | ||
| 082 | _a881 | ||
| 245 |
_aA thousand yearnings: _ba book of urdu poetry and prose / _ctranslated and introduced by Ralph Russell; ed. by Marion Molteno |
||
| 260 |
_aNew Delhi _bSpeaking Tiger _c2017 |
||
| 270 |
_a4381/4 Ansari Road, Daryaganj, _bNew Delhi _e10002 |
||
| 300 |
_axxii,381p. : _c22cm(pbk) |
||
| 500 | _aIt includes editor's notes | ||
| 700 | _a Russell, Ralph | ||
| 700 | _a Molteno, Marion | ||
| 942 |
_2ddc _cEN _mTHO _h881 |
||